| 000 | 01341nam a2200397Ii 4500 | ||
|---|---|---|---|
| 001 | DIGDEU0429 | ||
| 003 | NyNyDIG | ||
| 006 | m o d | ||
| 007 | cr ||||||||||| | ||
| 008 | 130501s2004 sp b 000 0 spa d | ||
| 020 |
_a9788498307344 _q(eBook) |
||
| 020 | _z9788474859263 | ||
| 020 | _z8474859263 | ||
| 035 | _a(OCoLC)857077369 | ||
| 040 |
_aDGITA _beng _epn _cDGITA |
||
| 050 | 1 | 4 | _aBT821.3 eBook |
| 100 | 1 |
_aArmendáriz, Luis Ma. _q(Luis María). |
|
| 245 | 1 | 0 |
_aTeologar de por vida / _cLuis María Armendáriz. |
| 264 | 1 |
_aBilbao : _bUniversidad de Deusto, _c2004. |
|
| 300 | _a1 online resource (49 pages) | ||
| 336 |
_atext _btxt _2rdacontent |
||
| 337 |
_acomputer _bc _2rdamedia |
||
| 338 |
_aonline resource _bcr _2rdacarrier |
||
| 490 | 1 |
_aCuadernos de teología Deusto ; _vno. 29. |
|
| 504 | _aIncludes bibliographical references. | ||
| 650 | 0 | _aTheology. | |
| 650 | 0 | _aChristian life. | |
| 655 | 0 | _aElectronic books. | |
| 710 | 2 |
_aUniversidad de Deusto. _bFacultad de Teología. |
|
| 791 | 2 |
_aDigitalia (Firm), _edistributor. |
|
| 830 | 0 |
_aCuadernos de teología Deusto ; _vno. 29. |
|
| 793 | 0 |
_gDigitalia eBook Collection: _aUniversidad de Deusto. |
|
| 856 | 4 | 0 |
_3Digitalia Hispánica _uhttps://www.digitaliapublishing.com/a/17576/ |
| 910 | _aPremium Collection: 2007-2012 | ||
| 942 | _cRAA | ||
| 999 |
_c235462 _d235462 |
||